000 005190000a22001930004500
041 0 _aSPA
082 0 4 _aG 266 C3921p
110 1 _aCELAM
245 1 0 _aLa pastoral en las misiones de América Latina / Departamento de Misiones del CELAM
250 _a2
260 _aBogotá, Colombia : Indo-American
300 _a92 Pag
440 0 _aCol. Iglesia Nueva; No. 12
001 7162
942 _cBK
999 _c37387
_d37387
336 _atexto
_btxt
_2rdacontent
337 _2rdamedia
_asin mediación
_bn
338 _2rdacarrier
_avolumen
_bnc